000 01949 a2200205 4500
001 58990
005 20260407155844.0
008 260407a1965 arg spa d
003 AR-UNSa-BCEJYS
040 _aAR-UNSa-BCEJYS
_bspa
_cAR-UNSa-BCEJYS
080 _a631.15
_xProducción de la explotación agrícola. Gestión de la explotación agrícola. Administración de la explotación agrícola
245 1 0 _aLa organización económica de la agricultura
250 _a2a. ed.
264 1 _aBuenos Aires :
_bFondo de Cultura Económica
_c1965
300 _a429 p.
_c21 cm.
505 _a1. La agricultura en una economía en desarrollo - 2. Tres casos de desplazamiento de las curvas de demanda y oferta - 3. Puntos focales y condiciones que afectan los desplazamientos a largo plazo de la demanda - 4. La población todavía crece - 5. Cuanteo de las elasticidades-ingreso - 6. Efectos de la dietética sobre la oferta y la demanda - 7. El mejoramiento de la eficiencia productiva - 8. La declinación de la importancia económica de la tierra agrícola - 9. Divergencias en el desarrollo económico relacionado con la localización - 10. La disparidad de ingresos entre los núcleos de población y el desarrollo económico - 11. Condiciones básicas de la inestabilidad económica de la agricultura - 12. La inestabilidad de los rendimientos - 13. La estabilidad de los insumos y de la producción agrícolas - 14. La oferta de los productos durante el período entre cosechas - 15. Actividades económicas por organizar - 16. Organización económica: posibilidades y preferencias - 17. La organización de la agricultura para el desarrollo económico - 18. Los mercados de factores y el desarrollo económico - 19. Organización de la agricultura para lograr estabilidad económica - 20. La organización para lograr la estabilidad de precios.
942 _cBK
590 _aniveau_biblio:m niveau_hierar:0
100 1 _aSchultz, Theodore W.
999 _c6543
_d6543